| 000 | 005390000a22001810004500 | ||
|---|---|---|---|
| 003 | MACL | ||
| 005 | 20160420135749.0 | ||
| 008 | 160420b xxu||||| |||| 00| 0 eng d | ||
| 040 |
_aMACL _cMACL |
||
| 041 | _aHindi | ||
| 082 | _a100 | ||
| 100 |
_aमार्क्स कार्ल _952902 |
||
| 245 | _aदर्शन की निर्धनता | ||
| 260 |
_bप्रकाशन संस्थान _c2004 _aनई दिल्ली |
||
| 350 | _a250 | ||
| 650 |
_aPhilisophy _952903 |
||
| 942 |
_cHIN _k100 _2ddc |
||
| 999 |
_c17752 _d17752 |
||